Oscar Winning Films of the 1990's - Statistics

General Stats
  • This quiz has been taken 205 times
    53 since last reset
  • The average score is 24 of 97
Answer Stats
Category Year Movie % Correct
Picture 1994 Forrest Gump
87%
Picture 1997 Titanic
87%
Lead Actor 1993 Philadelphia
73%
Picture 1993 Schindler's List
73%
Picture 1999 American Beauty
63%
Supporting Actor 1990 Goodfellas
63%
Picture 1991 The Silence of the Lambs
63%
Director 1998 Saving Private Ryan
60%
Sound Mixing 1993 Jurassic Park
57%
Picture 1995 Braveheart
53%
Picture 1990 Dances with Wolves
53%
Original Screenplay 1996 Fargo
53%
Original Screenplay 1994 Pulp Fiction
53%
Picture 1998 Shakespeare in Love
53%
Lead Actor 1997 As Good As It Gets
50%
Lead Actor 1992 Scent of a Woman
50%
Original Score 1994 The Lion King
50%
Picture 1992 Unforgiven
50%
Picture 1996 The English Patient
47%
Original Score 1992 Aladdin
43%
Original Screenplay 1997 Good Will Hunting
43%
International Feature 1998 Life is Beautiful
43%
Original Score 1991 Beauty and the Beast
40%
Makeup and Hairstyling 1991 Terminator 2: Judgment Day
40%
Original Screenplay 1990 Ghost
37%
Original Screenplay 1995 The Usual Suspects
37%
Lead Actress 1995 Dead Man Walking
33%
Adapted Screenplay 1997 L.A. Confidential
33%
Lead Actor 1995 Leaving Las Vegas
33%
Supporting Actress 1992 My Cousin Vinny
33%
Lead Actor 1996 Shine
33%
Film Editing 1995 Apollo 13
30%
Adapted Screenplay 1992 Howard's End
30%
Supporting Actor 1993 The Fugitive
30%
Original Screenplay 1993 The Piano
30%
Supporting Actor 1998 Affliction
27%
Supporting Actor 1991 City Slickers
27%
Supporting Actor 1994 Ed Wood
27%
Cinematography 1991 JFK
27%
Film Editing 1999 The Matrix
27%
Lead Actress 1994 Blue Sky
23%
Supporting Actress 1994 Bullets Over Broadway
23%
Supporting Actress 1999 Girl, Interrupted
23%
Supporting Actor 1996 Jerry Maguire
23%
Supporting Actress 1995 Mighty Aphrodite
23%
Original Score 1995 Pocahontas
23%
Lead Actor 1990 Reversal of Fortune
23%
Original Screenplay 1992 The Crying Game
23%
Supporting Actress 1991 The Fisher King
23%
Original Screenplay 1991 Thelma and Louise
23%
Lead Actress 1999 Boys Don't Cry
20%
Visual Effects 1996 Independence Day
20%
Lead Actress 1990 Misery
20%
Original Song 1999 Tarzan
20%
Makeup and Hairstyling 1997 Men in Black
17%
Sound Mixing 1994 Speed
17%
Adapted Screenplay 1999 The Cider House Rules
17%
Visual Effects 1995 Babe
13%
Original Score 1997 The Full Monty
13%
International Feature 1999 All About My Mother
10%
Production Design 1991 Bugsy
10%
Original Song 1990 Dick Tracy
10%
Makeup and Hairstyling 1998 Elizabeth
10%
Original Score 1995 Il Postino (The Postman)
10%
Adapted Screenplay 1995 Sense and Sensibility
10%
Production Design 1999 Sleepy Hollow
10%
Adapted Screenplay 1996 Sling Blade
10%
Costume Design 1993 The Age of Innocence
10%
Visual Effects 1990 Total Recall
10%
Original Score 1996 Emma
7%
Original Song 1996 Evita
7%
Adapted Screenplay 1998 Gods and Monsters
7%
International Feature 1992 Indochine
7%
Makeup and Hairstyling 1993 Mrs. Doubtfire
7%
Original Song 1998 The Prince of Egypt
7%
Costume Design 1999 Topsy-Turvy
7%
International Feature 1995 Antonia's Line
3%
International Feature 1993 Belle Époque
3%
Costume Design 1992 Bram Stoker's Dracula
3%
International Feature 1994 Burnt by the Sun
3%
International Feature 1997 Character
3%
Visual Effects 1992 Death Becomes Her
3%
International Feature 1996 Kolya
3%
Cinematography 1994 Legends of the Fall
3%
Production Design 1995 Restoration
3%
Costume Design 1994 The Adventures of Priscilla, Queen of the Desert
3%
Sound Editing 1990 The Hunt for Red October
3%
Sound Mixing 1992 The Last of the Mohicans
3%
Production Design 1994 The Madness of King George
3%
Cinematography 1992 A River Runs Through It
0%
Costume Design 1990 Cyrano de Bergerac
0%
International Feature 1990 Journey of Hope
0%
International Feature 1991 Mediterraneo
0%
Sound Editing 1996 The Ghost and the Darkness
0%
Makeup and Hairstyling 1996 The Nutty Professor
0%
Original Score 1999 The Red Violin
0%
Visual Effects 1998 What Dreams May Come
0%
No matching quizzes found
Score Distribution
Percent of People with Each Score
Percentile by Number Answered
Your Score History
You have not taken this quiz since the last reset